Limón blues
Shranjeno v:
| Glavni avtor: | |
|---|---|
| Format: | Documento de Gobierno Knjiga |
| Jezik: | Spanish |
| Izdano: |
San José, Costa Rica
Santillana
2002
|
| Teme: | |
| Oznake: |
Označite
Brez oznak, prvi označite!
|
MARC
| LEADER | 00000nam a22000007a 4500 | ||
|---|---|---|---|
| 008 | 140127s2002 cr |||g |||| 000 f spa d | ||
| 020 | |a 9968123684 | ||
| 040 | |a cru CIICLA Universidad de Costa Rica | ||
| 086 | |a CR863.4 R8314-Li | ||
| 100 | 1 | |a Rossi Lara, Anacristina |d 1952- | |
| 245 | 1 | 2 | |a Limón blues |c Anacristina Rossi |
| 260 | |a San José, Costa Rica |b Santillana |c 2002 | ||
| 300 | |a 408 páginas | ||
| 650 | 7 | |9 76 |a LITERATURA COSTARRICENSE |v NOVELA | |
| 942 | |2 ddc |c BK | ||
| 999 | |c 3166 |d 3166 | ||



